[Event "San Francisco TNM Spring op"]
[Site "San Francisco"]
[Date "2017.05.02"]
[Round "8"]
[White "Kondakova, Elena"]
[Black "Stolpe, Samuel"]
[Result "0-1"]
[WhiteElo "1244"]
[BlackElo "1630"]
[PlyCount "24"]
[EventDate "2017.03.14"]
[EventType "swiss"]
[EventRounds "8"]
[EventCountry "USA"]
[SourceTitle "EXT 2023"]
[Source "ChessBase"]
[SourceDate "2022.10.05"]
[SourceVersion "1"]
[SourceVersionDate "2022.10.05"]
[SourceQuality "1"]

1. e4 c6 2. c4 d5 3. exd5 cxd5 4. cxd5 Nf6 5. Nc3 Nxd5 6. Nxd5 Qxd5 7. d4 Nc6 8. Be3 Bf5 9. Qf3 Be4 10. Qg3 e5 11. dxe5 Bb4+ 12. Ke2 Qd3# 0-1

[Event "Windsor NAYCC U10 Girls"]
[Site "Windsor"]
[Date "2016.08.11"]
[Round "9.160"]
[White "Kondakova, Elena"]
[Black "Kaur, Aradh"]
[Result "1-0"]
[WhiteElo "1182"]
[BlackElo "1198"]
[PlyCount "89"]
[EventDate "2016.08.07"]
[EventType "swiss"]
[EventRounds "9"]
[EventCountry "CAN"]
[SourceTitle "EXT 2022"]
[Source "ChessBase"]
[SourceDate "2021.10.06"]
[SourceVersion "1"]
[SourceVersionDate "2021.10.06"]
[SourceQuality "1"]

1. e4 e5 2. Nf3 Nc6 3. d4 exd4 4. Bc4 d6 5. Ng5 Ne5 6. Qxd4 Be7 7. f4 Nxc4 8. Qxg7 Bxg5 9. Qxh8 Kf8 10. fxg5 Ne5 11. 0-0 Be6 12. g6 hxg6 13. Bh6+ Ke7 14. Bg5+ f6 15. Bxf6+ Nxf6 16. Qxf6+ Kd7 17. Qxd8+ Rxd8 18. Nc3 a6 19. Rad1 Re8 20. Nd5 Bxd5 21. Rxd5 Nc4 22. Rf7+ Kd8 23. Rd4 Nb6 24. Rg7 Re6 25. c4 Na4 26. b4 Nc3 27. a3 Nxe4 28. c5 Nc3 29. cxd6 cxd6 30. Rc4 Nd5 31. Rxb7 Ne3 32. Rc6 Rf6 33. Rc1 Nf5 34. Ra7 d5 35. g4 Ne3 36. g5 Rf5 37. h4 Rf4 38. Rcc7 Rxh4 39. Rg7 Rg4+ 40. Kf2 Rf4+ 41. Kxe3 Re4+ 42. Kd3 Re7 43. Rgxe7 d4 44. Rh7 a5 45. Ra8# 1-0